| 000 | 00930nam a2200217 i 4500 | ||
|---|---|---|---|
| 001 | 169647 | ||
| 003 | ES-MaACL | ||
| 005 | 20250902085403.0 | ||
| 008 | 081028s2003 sp |||| | spa d | ||
| 080 | _a619.425(460.154)(092) | ||
| 100 | 1 |
_aEtxaniz Makazaga, José-Manuel. _9137731 |
|
| 245 | 1 | 0 |
_aDe albéitares y veterinarios municipales en el valle de Iraurgi 1861-1990 / _cJosé Manuel Etxaniz Makazaga. |
| 260 |
_a[Donostia-San Sebastián] : _bIlustre Colegio Oficial de Veterinarios de Gipuzkoa, _c[2003] |
||
| 300 |
_aP. [527]-595 : _bil. ; _c22 cm. |
||
| 595 | _aSeparata de: Boletín de la Real Sociedad Bascongada de los Amigos del País, LIX, 2003-2. | ||
| 650 | 4 |
_aVeterinarios- _zGuipúzcoa. _9138775 |
|
| 710 | 2 |
_aReal Sociedad Bascongada de los Amigos del País _96366 |
|
| 710 | 2 |
_aColegio Oficial de Veterinarios de Gipuzkoa. _9138774 |
|
| 852 |
_aES-MaACL _j2238-F-13 |
||
| 999 |
_c169647 _d169647 |
||